Klimt Κλιμτ : ο ζωγράφος των αισθήσεων
1900: στην Παγκόσμια Έκθεση του Παρισιού, ο ζωγράφος Γκουστάφ Κλιμτ βραβεύεται με χρυσό μετάλλιο για το έργο του και συναντιέται με εξέχουσες προσωπικότητες της εποχής... Μέσα από αναμνήσεις, αφηγήσεις και φίλους, ξεδιπλώνεται η ζωή του Αυστριακού ζωγράφου, με τους εντυπωσιακούς - όσο και αισθησιακο...
Saved in:
| Other Authors: | , , , |
|---|---|
| Format: | |
| Language: | English Greek |
| Published: |
Αθήνα :
Prooptiki [Εταιρεία παραγωγής],
[2006]
|
| Subjects: | |
| Tags: |
Add Tag
No Tags, Be the first to tag this record!
|
MARC
| LEADER | 00000cgm a2200000 i 4500 | ||
|---|---|---|---|
| 001 | 1/102073 | ||
| 008 | 090304s2006 gr ||| | || ||eng|| | ||
| 035 | |l 10103514 | ||
| 040 | |a GR-MyUa |b gre |e AACR2 | ||
| 041 | 0 | |a eng |j gre | |
| 082 | 7 | |a 791.437 |2 (22) | |
| 245 | 0 | 0 | |a Klimt |h [μαγνητοσκόπηση] = |b Κλιμτ : ο ζωγράφος των αισθήσεων / |c σενάριο-σκηνοθεσία Raul Ruiz. |
| 246 | 1 | |i Παράλληλος τίτλος: |a Κλιμτ : |b ο ζωγράφος των αισθήσεων | |
| 260 | |a Αθήνα : |b Prooptiki [Εταιρεία παραγωγής], |c [2006] | ||
| 300 | |a 1 βιντεοδίσκος (93 λεπτ.) : |b ομίλ., έγχρ. ; |c 4 3/4 ίν. | ||
| 500 | |a Κυκλοφόρησε πρώτη φορά ως κινηματογραφική ταινία το 2006. | ||
| 508 | |a Συνθέτης, Jorge Arriagada ; μοντάζ, Valeria Sarmiento ; σχεδιασμός παραγωγής, Rudi Czettel & Katharina Woppermann ; κοστούμια, Birgit Hutter ; φωτογραφία, Ricardo Aronovicha ; παραγωγή, Dieter Pochlatko, Arno Ortmair, Matthew Justice, Andreas Schmid. | ||
| 511 | 0 | |a John Malkovich, Veronica Ferres, Stephen Dillane, Saffron Burrows, Nicoali Kinski, Sandra Ceccarelli. | |
| 520 | 8 | |a 1900: στην Παγκόσμια Έκθεση του Παρισιού, ο ζωγράφος Γκουστάφ Κλιμτ βραβεύεται με χρυσό μετάλλιο για το έργο του και συναντιέται με εξέχουσες προσωπικότητες της εποχής... Μέσα από αναμνήσεις, αφηγήσεις και φίλους, ξεδιπλώνεται η ζωή του Αυστριακού ζωγράφου, με τους εντυπωσιακούς - όσο και αισθησιακούς για την εποχή τους - πίνακες, και το μεγάλο πάθος του για τις γυναίκες. Οι πολυάριθμες γυναίκες που πέρασαν από τη ζωή του, ο μεγάλος του έρωτας με τη χορεύτρια Λία Ντε Κάστρο και οι προκλητικοί του πίνακες, που καταδικάστηκαν στην πατρίδα του, αυτή είναι η φλογισμένη ζωή ενός από τους διασημότερους ζωγράφους. | |
| 521 | 8 | |a Ακατάλληλο μέχρι 13 χρονών. | |
| 546 | |a Στα αγγλικά με υπότιτλους στα ελληνικά. | ||
| 600 | 1 | 0 | |a Klimt, Gustav, |d 1862-1918 |v Drama. |
| 655 | 7 | |a Feature films |2 lcgft | |
| 700 | 1 | |a Ruiz, Raul, |d 1941-2011, |e aus |e drt | |
| 700 | 1 | |a Malkovich, John, |e act | |
| 700 | 1 | |a Ferres, Veronica, |d 1965- |e act | |
| 700 | 1 | |a Burrows, Saffron, |e act | |
| 852 | |a INST |b SYROS |c AV |e 20090304 |h 791.437 RUI |p 005500008637 |q 005500008637 |t DVD |y 23 | ||
| 901 | |a BIBL5-2008-1 | ||
| 922 | |a 5ΕΛΗ |b 200709 |c Βιβλιοθήκη Σύρου |d Anaco | ||
| 970 | |a Κοντού |b Παρασκευή |z 04/03/2009 | ||